К вопросу об усвоении культурных ценностей и установок представителей англоязычных стран; Коммуникативные аспекты языка и культуры; Ч. 1

Detaylı Bibliyografya
Parent link:Коммуникативные аспекты языка и культуры: сборник материалов XV Международной научно-практической конференции студентов и молодых ученых, г. Томск, 19-21 мая 2015 г./ Национальный исследовательский Томский политехнический университет (ТПУ) ; ред. кол. С. А. Песоцкая ; О. А. Казакова ; О. В. Седельникова.— , 2015
Ч. 1.— 2015.— [С. 3-5]
Yazar: Васина Д. А.
Diğer Yazarlar: Смирнова Л. Н. (научный руководитель)
Özet:Заглавие с титульного экрана
Dil:Rusça
Baskı/Yayın Bilgisi: 2015
Seri Bilgileri:Теория и практика межкультурной коммуникации
Konular:
Online Erişim:http://www.lib.tpu.ru/fulltext/c/2015/C77/V1/001.pdf
Materyal Türü: MixedMaterials Elektronik Kitap Bölümü
KOHA link:https://koha.lib.tpu.ru/cgi-bin/koha/opac-detail.pl?biblionumber=617972

MARC

LEADER 00000naa2a2200000 4500
001 617972
005 20231101133004.0
035 |a (RuTPU)RU\TPU\conf\16333 
035 |a RU\TPU\conf\14393 
090 |a 617972 
100 |a 20160512d2015 k y0rusy50 ca 
101 0 |a rus 
102 |a RU 
105 |a y z 101zy 
135 |a drcn ---uucaa 
181 0 |a i  
182 0 |a b 
200 1 |a К вопросу об усвоении культурных ценностей и установок представителей англоязычных стран  |d Coping and dealing with British/American culture by english teaching  |f Д. А. Васина  |g науч. рук. Л. Н. Смирнова 
203 |a Текст  |c электронный 
225 1 |a Теория и практика межкультурной коммуникации 
230 |a 1 компьютерный файл (pdf; 672 Кb) 
300 |a Заглавие с титульного экрана 
320 |a [Библиогр.: с. 5 (2 назв.)] 
337 |a Adobe Reader 
461 1 |0 (RuTPU)RU\TPU\conf\14267  |t Коммуникативные аспекты языка и культуры  |o сборник материалов XV Международной научно-практической конференции студентов и молодых ученых, г. Томск, 19-21 мая 2015 г.  |o в 3 ч.  |f Национальный исследовательский Томский политехнический университет (ТПУ) ; ред. кол. С. А. Песоцкая ; О. А. Казакова ; О. В. Седельникова  |d 2015 
463 0 |0 (RuTPU)RU\TPU\conf\14268  |t Ч. 1  |v [С. 3-5]  |d 2015 
510 1 |a Coping and dealing with British/American culture by english teaching  |z eng 
610 1 |a электронный ресурс 
610 1 |a иностранные языки 
610 1 |a культурные ценности 
610 1 |a культурные установки 
610 1 |a деловое общение 
610 1 |a англоязычные страны 
610 1 |a задания 
700 1 |a Васина  |b Д. А. 
702 1 |a Смирнова  |b Л. Н.  |4 727 
801 2 |a RU  |b 63413507  |c 20210216  |g RCR 
856 4 |u http://www.lib.tpu.ru/fulltext/c/2015/C77/V1/001.pdf 
942 |c BK